Worte aus Andorra - Statistiken

Allgemein
  • Dieses Quiz wurde 20 mal gespielt
  • Das Durchschnittsergebnis liegt bei 16 aus 30
Antwortstatistiken
Punkte Worte % Korrekt
2 An
100%
3 Do
94%
3 Aar
89%
2 Ar
89%
2 Da
83%
3 Ran
83%
2 Ad
72%
4 Rand
72%
3 Dar
67%
3 Rad
61%
3 On
56%
3 Dan
50%
4 Don
50%
2 Na
50%
3 Ara
44%
5 Daran
44%
4 Narr
44%
5 Nord
44%
3 Od
44%
4 Rod
44%
2 Aa
39%
5 Dorn
39%
4 Dran
39%
3 Rar
39%
5 Dorr
28%
5 Radar
28%
6 Radon
28%
4 Darr
22%
5 Dona
22%
4 Dao
0%
Keine übereinstimmenden Quizze gefunden
Verteilung der Resultate
Anzahl Personen mit jedem Resultat
Perzentil nach korrekt beantworteten Fragen
Ihre Resultats-Entwicklung
Sie haben dieses Quiz noch nicht gespielt